000 00220nam a22000857a 4500
008 160718b xxu||||| |||| 00| 0 eng d
100 _93022
_a Dev, C
245 _aThe Piper Book of Quotations
260 _aNew Delhi
_bPiper Book
999 _c2585
_d2585